| 000 | 01465nam0a2200349 4500 | ||
|---|---|---|---|
| 001 | RU\NLR\bibl\736161 | ||
| 005 | 20250614001457.0 | ||
| 010 |
_a5-289-01870-0 _bв пер. _915050 |
||
| 021 |
_aRU _b2004-57888 _92848 |
||
| 035 | _aRSL-KNO-002480682 | ||
| 035 | _a(NLR Aleph) 000726083 | ||
| 090 |
_a733144 _c733144 |
||
| 100 | _a20040921d2004 |||y0rusy50 ca | ||
| 101 | 0 | _arus | |
| 102 | _aRU | ||
| 105 | _ay ||||||||| | ||
| 106 | _ar | ||
| 200 | 1 |
_aКак сохранить любовь в своей жизни _fМарина Крымова |
|
| 210 |
_aСПб. _cЛениздат _d2004 _gГИПК Лениздат |
||
| 215 |
_a299, [3] с. _d21 |
||
| 225 | 1 |
_aТайная книга женщины _eпрактическое руководство к исполнению желаний |
|
| 606 | 0 |
_aСемья и брак _xСоциально-психологические исследования _92075079 _3RU\NLR\auth\661250120 |
|
| 610 | 0 | _aПсихология -- Общая психология -- Психология личности -- Психология пола -- Проявление эмоций, чувств, влечений | |
| 686 |
_aЮ937.3-52,0 _2rubbk |
||
| 686 | _aС550.53 | ||
| 700 | 1 |
_aКрымова _bМ. Н. _gМарина Николаевна _4070 |
|
| 801 | 0 |
_aRU _bRuMoRKP _c20040921 _grcr |
|
| 801 | 1 |
_aRU _bRuMoRGB _c20040921 |
|
| 801 | 2 |
_aRU _bNLR _c20050317 _gPSBO |
|
| 942 | _cBOOK | ||
| 980 | _aNB | ||